00342 a2200145 450000100060000002000150000604000240002110000380004524000290008324500240011230000070013636200090014344000130015265000310016569644 a8526237411 cAnchieta - Itaigara aAndrade, Telma Guimaràƒes Castro10aO Natal do avarentolpor10aO Natal do avarento a870 a2000 1aScipione 4aLiteratura infanto-juvenil